000
00245nam a2200109Ia 4500
008
190216s9999||||xx |||||||||||||| ||und||
100
_a
Harman Singh
245
0
_a
Principles Of Heat
260
_b
Atmaram &sons
650
_a
Physics
942
_c
BK
999
_c
33025
_d
33025